| 000 | 00628nam a22002177a 4500 | ||
|---|---|---|---|
| 003 | OSt | ||
| 005 | 20160914104849.0 | ||
| 008 | 160322b xxu||||| |||| 00| 0 eng d | ||
| 020 | _a987-81-7754-139-7 | ||
| 040 | _cLIC | ||
| 082 |
_22010 _aDC 660.6 _bP97 |
||
| 100 |
_94224 _aPurohit, S.S |
||
| 245 |
_aBiotechnology: _bfundamentals and applications/ _cS.S. Purohit |
||
| 250 | _aFourth Edition | ||
| 260 |
_aIndia: _bAgrobios, _cc2010. |
||
| 300 |
_axxviii, 1049 pages: _billustrations; _c24 cm. |
||
| 365 |
_b3,600.00 _cPhp |
||
| 500 | _aIncludes bibliography and glossary. | ||
| 650 | 0 |
_94228 _aBiotechnology |
|
| 942 |
_2ddc _cDC |
||
| 999 |
_c1399 _d1399 |
||